|
|
|
|
| LEADER |
00000nam a2200000 a 4500 |
| 001 |
UCO2144 |
| 003 |
CL-VaPUC |
| 005 |
20220903073949.0 |
| 008 |
000602e19840000CL |||||||||||||||||spa|d |
| 999 |
|
|
|c 288683
|d 288681
|
| 040 |
|
|
|c Pontificia Universidad Católica de Valparaíso
|
| 082 |
0 |
4 |
|a 983.04 ROD 1984
|2 21
|
| 100 |
0 |
|
|a Rodríguez Rautcher, Sergio
|e author
|9 445022
|
| 245 |
1 |
0 |
|a Influencia de los Estados Unidos en el proceso de la independencia de Chile 1776-1824
|
| 260 |
|
|
|a Santiago, Chile
|b Barcelona
|c 1984
|
| 300 |
|
|
|a 183 páginas
|
| 583 |
|
|
|a last modification
|c 20000602 00:00:00
|k Rodrigo Vera
|
| 650 |
|
7 |
|a HISTORIA DE CHILE
|2 CL-VaPUC
|9 445023
|y 1776-1824
|z ESTADOS UNIDOS
|
| 650 |
|
0 |
|a Independencia
|y 1776-1824
|z CHILE
|z ESTADOS UNIDOS
|9 344246
|
| 852 |
|
|
|a BIBCUR
|
| 942 |
|
|
|c BK
|2 ddc
|
| 945 |
|
|
|d 20000602 00:00:00
|a crobeson
|
| 952 |
|
|
|0 0
|1 0
|2 ddc
|4 0
|6 983_040000000000000_ROD_1984
|7 0
|8 A
|9 336543
|a BIBHIS
|b BIBHIS
|d 2019-11-20
|i 1279343
|o 983.04 ROD 1984
|p 1279343
|r 2025-01-20
|t 1
|w 2019-11-20
|y BK
|k HIS
|
| 952 |
|
|
|0 0
|1 0
|2 ddc
|4 0
|6 983_040000000000000_ROD_1984
|7 0
|8 A
|9 336544
|a BIBHIS
|b BIBHIS
|d 2019-11-20
|i 1279351
|o 983.04 ROD 1984
|p 1279351
|r 2025-01-20
|t 2
|w 2019-11-20
|y BK
|k HIS
|